| 000 | 00466nam a2200169Ia 4500 | ||
|---|---|---|---|
| 999 |
_c12796 _d12796 |
||
| 003 | OSt | ||
| 005 | 20201113113425.0 | ||
| 008 | 190216s9999||||xx |||||||||||||| ||und|| | ||
| 040 | _coclc | ||
| 082 |
_a823 _bACH/C |
||
| 100 |
_a Acharya, Sankar _96312 |
||
| 245 | 0 |
_aCompany Limited / _cSankar Acharya |
|
| 260 |
_bSangam Books, _c1977. _aCalcutta: |
||
| 300 | _a162p | ||
| 650 | _aEnglish Novel | ||
| 942 |
_cBK _2ddc _h823 _iACH/C _k823 _mACH/C |
||